LEADER 01335nam0 22003613i 450 001 BRI0466103 005 20231121125410.0 100 $a20150126d1960 ||||0itac50 ba 101 | $alat$clat 102 $ait 181 1$6z01$ai $bxxxe 182 1$6z01$an 200 1 $a˜Le œFavole$fFedro$gcon note di Salvatore Sciuto 205 $aRist 210 $aTorino$cSEI$d1960 215 $a172 p.$d20 cm 225 | $aScrittori latini commentati per le scuole$v25 300 $aTesto in latino. 410 0$1001RAV0170252$12001 $aScrittori latini commentati per le scuole$v25 500 10$aFabulae Aesopicae$3RMS0053029$9CFIV038839$928607 606 $aFedro . Fabulae aesopicae$xCommenti$2FIR$3RMLC425717$9N 676 $a873.01$9Poesia epica e narrativa latina. Periodo romano, fino al 499 ca.$v22 700 0$aPhaedrus$3CFIV038839$4070$0180711 702 1$aSciuto$b, Salvatore$3CFIV081765$4340 790 0$aFedro$3CFIV038840$zPhaedrus 801 3$aIT$bIT-01$c20150126 850 $aIT-FR0017 899 $aBiblioteca umanistica Giorgio Aprea$bFR0017 $eN 912 $aBRI0466103 950 0$aBiblioteca umanistica Giorgio Aprea$d 52DFA C 44$e 52FLS0000348425 VMZ RF $fB $h20150126$i20150126 977 $a 52 996 $aFabulae Aesopicae$928607 997 $aUNICAS LEADER 02142oas 2200877 a 450 001 9910145461103321 005 20251015213014.0 011 $a1872-6321 035 $a(DE-599)ZDB1462685-8 035 $a(DE-599)1462685-8 035 $a(OCoLC)123286893 035 $a(CONSER) 2007247592 035 $a(CKB)954925480592 035 $a(EXLCZ)99954925480592 100 $a20070419b20062011 sy 101 0 $aeng 135 $aurcnu|||||||| 181 $ctxt$2rdacontent 182 $cc$2rdamedia 183 $acr$2rdacarrier 200 10$aBrain research reviews 210 $a[Amsterdam] $cElsevier B.V.$d2006- 311 08$a0165-0173 606 $aBrain$vPeriodicals 606 $aBrain$xResearch$vPeriodicals 606 $aReview Literature 606 $aBrain$vPeriodicals 606 $aReview Literature$vPeriodicals 606 $aBrain 606 $aReview Literature as Topic 606 $aCerveau$vPe?riodiques 606 $aCerveau$xRecherche$vPe?riodiques 606 $aBrain$2fast$3(OCoLC)fst00837570 606 $aBrain$xResearch$2fast$3(OCoLC)fst00837661 608 $aPeriodical. 608 $aInternet Resource. 608 $aPeriodical. 608 $aFulltext. 608 $aPeriodicals.$2fast 615 0$aBrain 615 0$aBrain$xResearch 615 22$aReview Literature. 615 12$aBrain 615 22$aReview Literature 615 12$aBrain. 615 22$aReview Literature as Topic. 615 6$aCerveau 615 6$aCerveau$xRecherche 615 7$aBrain. 615 7$aBrain$xResearch. 801 0$bSBH 801 1$bSBH 801 2$bCASUM 801 2$bOCLCQ 801 2$bPFM 801 2$bOCLCF 801 2$bOCLCQ 801 2$bBUF 801 2$bEZC 801 2$bFQM 801 2$bAU@ 801 2$bOCLCO 801 2$bOCLCA 801 2$bTKN 801 2$bVT2 801 2$bOCLCO 801 2$bOCLCA 801 2$bOCLCQ 801 2$bUEJ 801 2$bORU 801 2$bUUM 801 2$bOCLCL 906 $aJOURNAL 912 $a9910145461103321 996 $aBrain research reviews$91897852 997 $aUNINA